000 00772nam a2200205Ii 4500
003 JO-AjNU
008 230605s9999||||xx |||||||||||||| ||und||
040 _aJO-AjNU
_bara
_erda
_cJO-AjNU
041 _aara
050 1 4 _aDT76.8.A5 1969
100 3 _aتاليف عنان، محمد عبدالله,
_eauthor
_99357
245 0 0 _aمؤرخو مصر الأسلامية ومصادر التاريخ المصري
250 _aط1
264 3 1 _aالقاهرة: مطبعة لجنة التاليف والترجمة والنشر، 1969
300 _a205ص
_bيشتمل على فهارس من ص (195-205 )
336 _atext
_btxt
_2rdacontent
337 _aunmediated
_bn
_2rdamedia
338 _avolume
_bnc
_2rdacarrier
650 4 _aتراجم-مؤرخو مصر-تاريخ
_99358
999 _aA1258
_c4826
_d4826